Quizzes
Events
Quiz Creation
Community
Videos
Private Events
Remove Ads
Sign In
Join for FREE
Feedback
Dark Mode
Quiz Categories
Sports
Geography
Music
Movies
Television
Just For Fun
Miscellaneous
History
Literature
Language
Science
Gaming
Entertainment
Religion
Holiday
For Kids
Quiz Lab
Recent
Popular Today
Quiz Kudos Today
Editor Picks
Curator Picks
Quizzes by...
Day
Popularity
Type
Ratings
Length
Year
Community
Subscriptions
Recent Discussions
Orange Saloon
Badges
Playlists
Quests
Create
Leaderboards
Showdown
Live 5
Trivia Bingo
Activity
Puzzle Library
Sporcle Events
Private Events
Virtual Trivia
Globe League
Become a Host
Pub Owners
SporcleCon
Opinionation
Our Games
Videos
Blog
Mobile Apps
Partnerships
Remove Ads and Go Orange
Feedback
Sports
Athletes
MLB
NBA
NHL
NFL
Soccer
Sports Teams
WWE
NCAA
Football
Premier League
Basketball
Baseball
Hockey
Golf
Tennis
Cricket
Rugby
Auto Racing
Olympics
World Cup
Sports
Athletes
MLB
NBA
NHL
NFL
Soccer
Sports Teams
WWE
NCAA
Football
Premier League
Basketball
Baseball
Hockey
Golf
Tennis
Cricket
Rugby
Auto Racing
Olympics
World Cup
Random Quiz
Search Sporcle
×
Quiz Lab
Quiz Lab
Sports
Cars
Type in answers that appear in a list
Type in answers that appear in a list
Classic
Best Score? Go Orange.
2008 Indianapolis 500 Stats
Can you name the 2008 Indianapolis 500 starters?
By
hixoman
10m
33 Questions
22 Plays
22 Plays
22 Plays
Comments
Comments
Give Quiz Kudos
Give Quiz Kudos
-
- Ratings
hide this ad
More Info
Replay
Link that replays current quiz
Next Quiz
Link to next quiz in quiz playlist
You Got
0%
They Got
Avg Score
68%
Avg Friend Score
Upgrade to see
Score Distribution
Jump to the score distribution portion of the page
Score
0/33
Timer
10:00
0
Plays Today
Finish
Driver
% Correct
3
Marco Andretti
100%
16
John Andretti
100%
1
Scott Dixon
95.5%
4
Helio Castroneves
95.5%
12
Dan Wheldon
95.5%
13
Will Power
90.9%
22
Danica Patrick
90.9%
5
Ed Carpenter
81.8%
27
Justin Wilson
81.8%
33
Graham Rahal
81.8%
2
Vitor Meira
77.3%
17
Buddy Lazier
77.3%
21
A.J. Foyt IV
77.3%
23
Ryan Briscoe
77.3%
29
Tony Kanaan
77.3%
30
Sarah Fisher
72.7%
6
Ryan Hunter-Reay
68.2%
Finish
Driver
% Correct
8
Buddy Rice
68.2%
10
Townsend Bell
68.2%
7
Hideki Mutoh
63.6%
11
Oriol Servia
63.6%
14
Davey Hamilton
59.1%
20
Bruno Junqueira
59.1%
26
E.J. Viso
59.1%
9
Darren Manning
54.5%
24
Tomas Scheckter
54.5%
18
Mario Moraes
45.5%
19
Milka Duno
45.5%
25
Alex Lloyd
45.5%
31
Jaime Camara
36.4%
32
Marty Roth
36.4%
15
Enrique Bernoldi
31.8%
28
Jeff Simmons
22.7%
Quiz Playlist
Details
Report
Send in Message
Add To Playlist
More Info:
The 92nd Indianapolis 500 took place May 25, 2008.
Classic:
Type in answers that appear in a list
Quiz Source
Last Updated: Feb 16, 2017
Quiz Scoreboard
CHALLENGE
Sign Up to Join the Scoreboard
Show All
Scores
Hide
Comments
May contain spoilers
Recently Published
College Basketball Coaching Resumes
by pancakes188
Sports
9m
Billboard Blitz: Fleetwood Mac
by CooCooCachoo
Music
15s
Presidents Visiting Landmarks
by Hejman
History
7m
More to Explore
Quiz From the Vault
Featured Blog Post
Where Did the Easter Bunny Come From?
hide this ad
You Might Also Like...
Tags
Cars Quiz
2008
500
car
Driver
Indianapolis
Starter
Today's Top Quizzes in Sports
Browse Sports
hide this ad
Today's Top Quizzes in Cars
Browse Cars
Top Contributed Quizzes in Sports
1
Les meilleurs buteurs des matchs entre le PSG et l’OM
2
2022 World Cup Stars
3
FIFA Club World Cup Champions
4
Les entraîneurs de l'OM et du PSG au 21e siècle
5
Criteria MLB: Left Handed Sluggers
6
AFC Teams Reveal (Wrong Answers Minefield)
7
5-to-1: UK Sports Teams
8
Name the Premier League winners with different clubs
9
5-to-1: FBS Animal Nicknames
10
Players with Multiple 50 Home Run Seasons
Explore More
Trending Topics
Harry Potter
Crossword
NBA
Anime
Marvel
Kpop
Disney
Pokémon
NFL
WWE
Puzzle
Soccer
Country
The Office
Song
hide this ad
More By:
hixoman
Quiz
Plays
Rating
Category
Featured
Created
David Koechner Movies
30,664
3.80
Movies
Nov 22, 2012
Formula 1 US Grand Prix Winners
1,448
5.00
Sports
Dec 5, 2010
2012-2013 Chicago Blackhawks
1,220
3.00
Sports
Jan 18, 2013
Team Penske All-time IndyCar driver roster
673
4.25
Sports
Oct 28, 2012
Dale Earnhardt Jr. Wins
476
5.00
Sports
Dec 5, 2010
Go to Creator's Profile
Score Distribution
Quiz Creator Spotlight
hixoman
Follow
Send a Message
Quizzes Created
-
Created Quiz Play Count
-
More By This Creator
Popular Quizzes Today
1
Find the US States - No Outlines Minefield
2
Find the Countries of Europe - No Outlines Minefield
3
The Countries of the World
4
Find the US States
5
Risky Map Clicking: Biggest States A-Z
6
US States
7
Popular People in 1961
8
Movies - When Are They Set?
More Sports Quizzes
MLB Catchers Minefield
Published
Trending Quizzes
Risky Map Clicking: Least Populous States A-Z
1-10 Letter G Words
1-10 Letter F Words
Risky Map Clicking: Next State Alphabetically
Click the Washington State Counties! (Map)
Recently Updated
Leaping Animals
pecheneg
Reality TV Shows (A-Z)
bhenderson79
Rickey Henderson's Hall of Fame Teammates
pecheneg
Champions League XIs: Arsenal
pecheneg
Quick Pick: Celebrities in WWE's Hall of Fame
aduchscher
A-Z Keypad Blitz II
pecheneg
Multiple Oscar Actors
pecheneg
Mystery Phrase Blitz: Oscar 'Best Actors'
pecheneg
F. Scott Fitzgerald Novels
LTH
Pick 3 Villains
ddd62291
Trending Topics
Kpop
Marvel
Disney
Harry Potter
Crossword
NBA
Anime
NFL
Song
Pokémon
Soccer
Puzzle
WWE
The Office
Country
Your Account Isn't Verified!
In order to create a playlist on Sporcle, you need to verify the email address you used during registration. Go to your
Sporcle Settings
to finish the process.
Report this User
Report this user for behavior that violates our
Community Guidelines
.
Details:
Send Report
Go to the Sporcle.com Mobile Site →
Comments